Islands of the World Quiz - In World Map - Statistics

General Stats
  • This quiz has been taken 164 times
  • The average score is 42 of 48
Answers on the Map
Answers color-coded by a green-red scale on the quiz's map according to % correct below.
 
Answer Stats
Country % Correct
Cuba
96%
Haiti
94%
Iceland
94%
Ireland
94%
United Kingdom
94%
Jamaica
93%
New Zealand
93%
Sri Lanka
93%
Bahamas
92%
Cyprus
92%
Dominica
92%
Indonesia
92%
Japan
92%
Papua New Guinea
92%
Taiwan
92%
Philippines
91%
Seychelles
91%
Dominican Republic
90%
Madagascar
90%
Maldives
90%
Malta
90%
Australia
88%
Barbados
88%
Fiji
88%
Solomon Islands
88%
Trinidad and Tobago
88%
Cape Verde
87%
Federated States of Micronesia
87%
Marshall Islands
87%
Comoros
86%
Samoa
86%
Vanuatu
86%
Mauritius
85%
Saint Lucia
84%
Kiribati
83%
Nauru
83%
Palau
83%
Saint Kitts and Nevis
83%
São Tomé and Príncipe
83%
Antigua and Barbuda
82%
Saint Vincent and the Grenadines
82%
Tonga
82%
Tuvalu
82%
East Timor
81%
Brunei
80%
Grenada
80%
Singapore
78%
Bahrain
73%
No matching quizzes found
Score Distribution
Percent of People with Each Score
Percentile by Number Answered
Your Score History
You have not taken this quiz